000
00308nam a22001217a 4500
008
230731b xxu||||| |||| 00| 0 eng d
020
_a
9241562366
082
_a
362.5
_b
REP 2003
245
_a
Poverty and Health
_b
DAC Guidelines and Reference Series
260
_b
WHO
_c
2003
300
_a
89p
942
_2
ddc
_c
BK
999
_c
4027
_d
4027